Score 0/26 Timer 03:00
0 Plays Today
Hint Answer % Correct
To ____ a MockingbirdKill
98%
All's Well That ____ WellEnds
97.5%
How the Grinch ____ Christmas!Stole
96.4%
One ____ Over the Cuckoo's NestFlew
96%
For Whom the Bell ____Tolls
93.2%
As I ____ DyingLay
92.6%
A Good Man Is Hard to ____Find
91.3%
Where the Wild Things ____Are
90.5%
The Eagle Has ____Landed
87.3%
The Sun Also ____Rises
87.1%
Go ____ It on the MountainTell
84.9%
Oh, the Places You'll ____!Go
84%
Things ____ ApartFall
82.5%
Hint Answer % Correct
As You ____ ItLike
81.8%
Roll of Thunder ____ My CryHear
76.1%
Do Androids ____ of Electric Sheep?Dream
72%
____ for GodotWaiting
70%
How to Win Friends and ____ PeopleInfluence
65.7%
Their Eyes Were ____ God Watching
60.4%
Death ____ for the Archbishop Comes
54.5%
____ My Heart at Wounded KneeBury
44.4%
Thus ____ ZarathustraSpoke
39.1%
____ It as It Lays Play
32.9%
Who ____ My Cheese?Moved
29.1%
I ____ the Body ElectricSing
27.7%
Mourning ____ ElectraBecomes
26%

Today's Daily Dose

Remove Ads.
Support Sporcle.
Get the best of Sporcle when you Go Orange. This ad-free experience offers more features, more stats, and more fun while also helping to support Sporcle. Thank you for becoming a member.

You're not logged in!

Compare scores with friends on all Sporcle quizzes.
OR
Log In

Show Comments

Extras

Top Quizzes Today


Score Distribution

Your Account Isn't Verified!

In order to create a playlist on Sporcle, you need to verify the email address you used during registration. Go to your Sporcle Settings to finish the process.

Report this User

Report this user for behavior that violates our Community Guidelines.

Details: